Normal view
MARC view
Entry Topical Term
001 - CONTROL NUMBER
- control field: 207133
003 - CONTROL NUMBER IDENTIFIER
- control field: OSt
005 - DATE AND TIME OF LATEST TRANSACTION
- control field: 20220924133712.0
008 - FIXED-LENGTH DATA ELEMENTS
- fixed length control field: 220924|| aca||aabn | a|a d
040 ## - CATALOGING SOURCE
- Original cataloging agency: OSt
- Transcribing agency: OSt
150 ## - HEADING--TOPICAL TERM
- Topical term or geographic name entry element: ARABIC LI
670 ## - SOURCE DATA FOUND
- Source citation: Work cat.: (OSt)434821: Shahbaz Amil 207132, Drama writing in Iran, 2006
